| 000 | 00781nam a2200217 a 4500 | ||
|---|---|---|---|
| 001 | BRCA_1214 | ||
| 005 | 20190320203330.0 | ||
| 008 | 290705s1989----sp-a---###---#001-0#spa-d | ||
| 020 | _a8420670219 | ||
| 050 | 4 |
_aN6415.B3 _b.S43 1989 |
|
| 100 | 1 |
_aSebastián, Santiago _93991 |
|
| 245 | 1 | 0 |
_aContrarreforma y barroco _blecturas iconofráficas e iconológicas _cSantiago Sebastián ; prólogo de Alfonso Rodríguez G. de Ceballos. |
| 260 |
_aMadrid _bAlianza _c1989 |
||
| 300 |
_a443 p. _bil. _c23 cm. |
||
| 440 | 0 |
_aAlianza forma _v21 _91443 |
|
| 500 | _aIncluye lista de ilustraciones e índice iconográfico | ||
| 650 | 1 | 4 |
_aArte cristiano y simbolismo _yPeríodo moderno, 1500- _93992 |
| 650 | 1 | 4 |
_aContrarreforma en el arte _93993 |
| 650 | 1 | 4 |
_aArte barroco _93994 |
| 942 |
_2lcc _cB |
||
| 999 |
_c1087 _d1087 |
||